00193 a2200085 4500020001500000100001600015245002900031260003700060300001000097 a0852974604 aBrian Coyle aMergers and acquisitions aCanterburybCIB Publishingc1988 a124 P